[Event "Lisbon Portugal op"]
[Site "Lisbon"]
[Date "2017.02.10"]
[Round "9"]
[White "Araujo, Francisco Joao Guim"]
[Black "Costa, Paulo Jorge Lopes"]
[Result "0-1"]
[WhiteElo "1803"]
[BlackElo "2114"]
[PlyCount "46"]
[EventDate "2017.02.04"]
[EventType "swiss"]
[EventRounds "9"]
[EventCountry "POR"]
[SourceTitle "CBM 176 Extra"]
[Source "ChessBase"]
[SourceDate "2017.03.02"]
[SourceVersion "1"]
[SourceVersionDate "2017.03.02"]
[SourceQuality "1"]

1. d4 Nf6 2. Nf3 e6 3. Bf4 c5 4. e3 b6 5. c3 Bb7 6. Nbd2 Nc6 7. Bd3 Be7 8. Nc4 d6 9. a4 cxd4 10. exd4 Rc8 11. Qe2 0-0 12. h4 Re8 13. 0-0-0 a6 14. Ne3 Nb4 15. Bb1 Qd7 16. Bg5 Qxa4 17. Bxf6 Bxf6 18. Bxh7+ Kf8 19. Bb1 Qa1 20. Nc4 Bd5 21. Nfd2 b5 22. Nxd6 Na2+ 23. Kc2 Rxc3+ 0-1

[Event "Lisbon Portugal op"]
[Site "Lisbon"]
[Date "2017.02.09"]
[Round "8"]
[White "Martinez Lopez, Jaime"]
[Black "Araujo, Francisco Joao Guim"]
[Result "0-1"]
[WhiteElo "2041"]
[BlackElo "1803"]
[PlyCount "96"]
[EventDate "2017.02.04"]
[EventType "swiss"]
[EventRounds "9"]
[EventCountry "POR"]
[SourceTitle "CBM 176 Extra"]
[Source "ChessBase"]
[SourceDate "2017.03.02"]
[SourceVersion "1"]
[SourceVersionDate "2017.03.02"]
[SourceQuality "1"]

1. d4 Nf6 2. Bg5 e6 3. e3 h6 4. Bh4 c5 5. c3 cxd4 6. exd4 d5 7. Nd2 Be7 8. Bd3 0-0 9. Ngf3 b6 10. Ne5 Nfd7 11. Bxe7 Qxe7 12. f4 Ba6 13. Bxa6 Nxa6 14. 0-0 Rfe8 15. a4 Nf8 16. a5 b5 17. Qe2 Nc7 18. b4 f6 19. Nd3 Nd7 20. Rae1 Qd6 21. Rf3 Re7 22. Re3 Rae8 23. f5 e5 24. Nf4 Nf8 25. Nh5 e4 26. Qg4 Rc8 27. Rg3 Ne8 28. Ree3 a6 29. Nf4 Nh7 30. Rh3 Ng5 31. Rh5 Rxc3 32. Rxc3 Qxb4 33. Ne2 e3 34. Nb3 Ne4 35. Rc1 Nf2 36. Qf3 Qxb3 37. h3 Nd6 38. Kh2 Nde4 39. Rh4 Re8 40. Qh5 Kf8 41. Rc7 Nd6 42. Rxg7 Qb1 43. Ng3 Kxg7 44. Qg6+ Kf8 45. Qxf6+ Nf7 46. Rxh6 Kg8 47. Qg6+ Kf8 48. f6 Qxg6 0-1

[Event "Lisbon Portugal op"]
[Site "Lisbon"]
[Date "2017.02.07"]
[Round "6"]
[White "Ferreira, Miguel Limao"]
[Black "Araujo, Francisco Joao Guim"]
[Result "0-1"]
[WhiteElo "1431"]
[BlackElo "1803"]
[PlyCount "100"]
[EventDate "2017.02.04"]
[EventType "swiss"]
[EventRounds "9"]
[EventCountry "POR"]
[SourceTitle "CBM 176 Extra"]
[Source "ChessBase"]
[SourceDate "2017.03.02"]
[SourceVersion "1"]
[SourceVersionDate "2017.03.02"]
[SourceQuality "1"]

1. e4 c6 2. d4 d5 3. e5 Bf5 4. Nf3 e6 5. Be2 Bg6 6. 0-0 c5 7. c3 Nc6 8. Nbd2 Qc7 9. Nb3 c4 10. Nbd2 Be7 11. Re1 Nh6 12. Nf1 Nf5 13. Ne3 b5 14. Nxf5 Bxf5 15. Be3 h6 16. Nd2 0-0 17. f4 b4 18. Bf2 Qa5 19. Qc1 bxc3 20. Qxc3 Bb4 21. Nxc4 Bxc3 22. Nxa5 Bxa5 23. Rec1 Rfc8 24. Ba6 Rc7 25. Rxc6 Rxc6 26. Bb7 Rac8 27. Bxc8 Rxc8 28. Be3 Bb6 29. Rf1 Rc4 30. b3 Rc3 31. Re1 Rxe3 32. Rxe3 Bxd4 33. Kf2 Kf8 34. Kf3 Bg4+ 35. Kf2 Ke7 36. h3 Bf5 37. g4 Be4 38. Ke2 Bxe3 39. Kxe3 Kd7 40. Kd4 Kc6 41. h4 g6 42. a3 Kb5 43. Kc3 a5 44. Kd4 Bf3 45. g5 h5 46. Kd3 Kc5 47. Kc3 d4+ 48. Kd3 Bg2 49. b4+ axb4 50. axb4+ Kd5 0-1